Sponzoring na trhu České republiky
Ciele zahraničných a domácich sponzorov. Sponzoring patrí z hľadiska sponzorovaného subjektu do krátkodobého alebo dlhodobého cudzieho financovania. Priamy a nepriamy sponzoring. Legislatívna úprava sponzoringu.
Salvato in:
| Autore principale: | |
|---|---|
| Natura: | Capitolo di libro |
| Lingua: | ceco |
| Soggetti: | |
| Tags: |
Nessun Tag, puoi essere il primo ad aggiungerne!!
|
MARC
| LEADER | 00000naa a2200000 4500 | ||
|---|---|---|---|
| 001 | r021423 | ||
| 005 | 20230922102134.3 | ||
| 041 | 0 | |a cze | |
| 044 | |a CZ | ||
| 245 | 1 | 0 | |a Sponzoring na trhu České republiky |c Milan Postler |
| 520 | |a Ciele zahraničných a domácich sponzorov. Sponzoring patrí z hľadiska sponzorovaného subjektu do krátkodobého alebo dlhodobého cudzieho financovania. Priamy a nepriamy sponzoring. Legislatívna úprava sponzoringu. | ||
| 610 | 2 | 0 | |a sponzorovanie |
| 610 | 2 | 0 | |a Česko |
| 610 | 2 | 0 | |a 1990-1995 |
| 610 | 2 | 0 | |a firmy |
| 610 | 2 | 0 | |a legislatíva |
| 100 | 1 | |a Postler, Milan | |